000 00312 a2200157 4500
001 179196
020 _a
040 _cMagnum
100 _aHerrero, Carlos Edgard
240 1 0 _aJibobinha
_lpor
245 1 0 _aJibobinha
362 0 _a1899
440 1 _aModerna
697 _aMAGNITO: I/ANIMAIS
942 _cBK
999 _c179196
_d179196